| 000 | 00401nam a22001577a 4500 | ||
|---|---|---|---|
| 999 |
_c264262 _d264261 |
||
| 003 | OSt | ||
| 005 | 20240807165734.0 | ||
| 008 | 240807b xxu||||| |||| 00| 0 eng d | ||
| 020 | _a9780545484879 | ||
| 040 | _cRU | ||
| 100 | _aMeadows, Daisy | ||
| 245 |
_aAlexa the fashion Reporter Fairy _cBy Daisy Meadows |
||
| 260 |
_aUSA _bScholastic Inc. _c2012 |
||
| 300 |
_a65p _bill. _c21cm |
||
| 942 |
_2lcc _cBK |
||